El soldado gentilhombre / (Registro nro. 122435)

Detalles MARC
000 -LEADER
campo de control de longitud fija 00520nam a2200181 4500
001 - NÚMERO DE CONTROL
campo de control 122435
003 - IDENTIFICADOR DE NÚMERO DE CONTROL
campo de control ES-MaACL
005 - FECHA Y HORA DE LA ÚLTIMA TRANSACCIÓN
campo de control 20230906191958.0
007 - CAMPO FIJO DE DESCRIPCIÓN FÍSICA--INFORMACIÓN GENERAL
campo de control de longitud fija t|
008 - DATOS DE LONGITUD FIJA--INFORMACIÓN GENERAL
campo de control de longitud fija 070214s1984 sp r ||||1| spa d
100 1# - ENTRADA PRINCIPAL--NOMBRE DE PERSONA
Nombre de persona Puddu, Raffaele.
9 (RLIN) 94121
245 13 - MENCIÓN DEL TÍTULO
Título El soldado gentilhombre /
Mención de responsabilidad, etc. Raffaele Puddu ; traducción de Enrique Lynch.
250 ## - MENCION DE EDICION
Mención de edición 1ª. ed.
260 ## - PUBLICACIÓN, DISTRIBUCIÓN, ETC.
Lugar de publicación, distribución, etc. Barcelona :
Nombre del editor, distribuidor, etc. Argos Vergara,
Fecha de publicación, distribución, etc. 1984.
300 ## - DESCRIPCIÓN FÍSICA
Extensión 283 p. ;
Dimensiones 22 cm.
700 1# - ENTRADA AGREGADA--NOMBRE PERSONAL
Nombre de persona Lynch, Enrique.
9 (RLIN) 74934
852 ## - LOCALIZACIÓN
Ubicación ES-MaACL
Número de control de estantería L-6229
Sublocalización o colección R.106916
Existencias
Estatus retirado Estado de pérdida Estado de daño No para préstamo Biblioteca de origen Biblioteca actual Ubicación en estantería Fecha de adquisición Fuente de adquisición Total de préstamos Signatura topográfica completa Código de barras Visto por última vez Precio de reemplazo Tipo de ítem Koha
        Biblioteca del Ateneo de Madrid Biblioteca del Ateneo de Madrid Depósito 2 17/01/2008     L-6229 1127583 23/02/2023 23/02/2023 Libro impreso